| 000 | 00928nam a22003377a 4500 | ||
|---|---|---|---|
| 003 | OSt | ||
| 008 | 150515b xxu||||| |||| 00| 0 eng d | ||
| 100 | 1 | _aLindquist, H. L. | |
| 041 | _aeng | ||
| 050 | 0 | 0 | _a383.2135S |
| 245 | 1 | 0 | _aThe Stamp Specialist |
| 246 | 1 | 0 | _aForest Green Book (Number 20) Index to all Stamp Specialists |
| 260 |
_aNew York, NY _bH. L. Lindquist |
||
| 300 | _a134 pages | ||
| 650 | 0 | _aGeneral | |
| 650 | 0 | _aIndex | |
| 650 | 0 | _aFairs | |
| 650 | 0 | _aExposition | |
| 650 | 0 | _aExhibition | |
| 650 | 0 | _aCanada | |
| 650 | 0 | _aGuatemala | |
| 650 | 0 | _aCamp Shenandoah, Virginia | |
| 650 | 0 | _aTeaching with Stamps | |
| 650 | 0 | _aPuerto Rico Alfonso XII issues | |
| 650 | 0 | _aPenny Postage Jubilee of 1890 | |
| 650 | 0 | _aUS 1873 Issue Die Cancellation Marks | |
| 650 | 0 | _aBooklets | |
| 650 | 0 | _aBooklet Panes | |
| 650 | 0 | _aStamp Specialist Enters a New Phase | |
| 650 | 0 | _aPhilatelic Literature | |
| 999 |
_c1477 _d1477 |
||